Normal view
MARC view
- Forensic Genetics
Entry Topical Term
001 - CONTROL NUMBER
- control field: 39465
003 - CONTROL NUMBER IDENTIFIER
- control field: NUST
005 - DATE AND TIME OF LATEST TRANSACTION
- control field: 20210314131443.0
008 - FIXED-LENGTH DATA ELEMENTS
- fixed length control field: 210314|| aca||aabn | a|a d
040 ## - CATALOGING SOURCE
- Original cataloging agency: NUST
- Transcribing agency: NUST
150 ## - HEADING--TOPICAL TERM
- Topical term or geographic name entry element: Forensic Genetics
- General subdivision: methods
670 ## - SOURCE DATA FOUND
- Source citation: Work cat.: (NUST): Fung, Wing Kam. 39460, Introduction to probability and statistics, 1960.
